000 00828nam a2200253Ia 4500
003 OSt
005 20220923225149.0
006 a|||||r|||| 00| 0
007 ta
008 220922b |||||||| |||| 00| 0 hin d
024 _a259,144
037 _cTextual
040 _aARTS
_cARTS
_bhin
041 _2hin
_ahin
082 _aV1:19.N9, 152N9
100 _aखन्ना, वी0 एन0
245 0 _aअन्तर्राष्ट्रीय संबध
246 _aAntarrāṣhṭrīya sanbadha
260 _aनई दिल्ली
_b विकास पब्लिशिंग हाउस
_c1999
300 _a569पृ.
_ccm.
650 _aविश्व-इतिहास
942 _hV1:19.N9, 152N9
_cTEXL
_2CC
999 _c376478
_d376478